| 000 | 01255cam a22003254a 4500 | ||
|---|---|---|---|
| 001 | 13478375 | ||
| 003 | OSt | ||
| 005 | 20230704155255.0 | ||
| 008 | 040203s2004 dcua b i000 0 eng | ||
| 010 | _a 2004043841 | ||
| 020 | _a0821350706 | ||
| 040 |
_aDLC _cDLC _dDLC |
||
| 042 | _apcc | ||
| 082 | 0 | 0 |
_a363.6 _bKES |
| 100 | 1 | _aKessides, Ioannis Nicolaos. | |
| 245 | 1 | 0 |
_aReforming infrastructure : _bprivatization, regulation, and competition. |
| 260 |
_aWashington, DC : _bWorld Bank ; _a[New York, NY.] : _bOxford University Press, _cc2004. |
||
| 300 |
_axv, 306 p. : _bill. ; _c24 cm. |
||
| 440 | 2 | _aA World Bank policy research report | |
| 504 | _aIncludes bibliographical references (p. 279-306). | ||
| 650 | 0 | _aPublic utilities. | |
| 650 | 0 | _aPrivatization. | |
| 650 | 0 |
_aPublic utilities _xGovernment policy. |
|
| 650 | 0 | _aInfrastructure (Economics) | |
| 710 | 2 | _aWorld Bank. | |
| 856 | 4 | 2 |
_3Publisher description _uhttp://www.loc.gov/catdir/enhancements/fy0617/2004043841-d.html |
| 906 |
_a7 _bcbc _corignew _d1 _eocip _f20 _gy-gencatlg |
||
| 942 |
_2ddc _cBK |
||
| 999 |
_c3918 _d3918 |
||